Statistiken für Der genaue Name der Tiere

Klicken Sie hier um das Quiz zu spielen!

Allgemein

  • Dieses Quiz wurde 267 mal gespielt
  • Das Durchschnittsergebnis liegt bei 8 aus 16

Antwortstatistiken

Antwort% Korrekt
Afrikanischer Elefant
93%
Braunbär
93%
Schwarzbär
88%
Kaiserpinguin
83%
Asiatischer Elefant
68%
Sibirischer Tiger
64%
Stockente
63%
Nilkrokodil
46%
Berggorilla
45%
Stadttaube
45%
Ringeltaube
40%
Netzgiraffe
31%
Indischer Tiger
30%
Humboldtpinguin
23%
Friedenstaube
15%
Felsenpinguin
14%

Verteilung der Resultate

Perzentil nach korrekt beantworteten Fragen

Anzahl Personen mit jedem Resultat

Ihre Resultats-Entwicklung

Sie haben dieses Quiz noch nicht gespielt